[Event "WYCC 2018 O18"]
[Site "Halkidiki"]
[Date "2018.10.30"]
[Round "11"]
[White "Pedoson, Georg Aleksander"]
[Black "Tifferet, Shaked"]
[Result "0-1"]
[WhiteElo "2162"]
[BlackElo "2254"]
[Annotator "NA"]
[PlyCount "100"]
[EventDate "2018.10.20"]
[EventType "swiss"]
[EventCountry "GRE"]
[SourceTitle "playchess.com"]
[Source "ChessBase"]
[SourceQuality "1"]
[TimeControl "40/5400+30:1800+30"]

1. d4 {[%emt 0:00:00]} d5 {[%emt 0:00:00]} 2. c4 {[%emt 0:00:00]} c6 {[%emt 0:00:00]} 3. Nc3 {[%emt 0:00:10]} Nf6 {[%emt 0:00:35]} 4. e3 {[%emt 0:00:30]} g6 {[%emt 0:00:18]} 5. Nf3 {[%emt 0:01:11]} Bg7 {[%emt 0:00:05]} 6. Bd3 {[%emt 0:00:47]} O-O {[%emt 0:00:16]} 7. O-O {[%emt 0:00:41]} a6 {[%emt 0:00:26]} 8. b3 {[%emt 0:04:17]} c5 {[%emt 0:04:02] D94: Grünfeld: 4 Nf3 Bg7 5 e3} 9. Bb2 {[%emt 0:03:42]} cxd4 {[%emt 0:01:35]} 10. exd4 {[%emt 0:00:09]} dxc4 {[%emt 0:25:33]} (10... Nc6 11. h3 dxc4 12. Bxc4 b5 13. Be2 Bb7 14. Qd2 Qd6 15. Rad1 Rfd8 16. Rfe1 {0-1 (58) Dubov,D (2614)-Gupta,A (2612) Moscow 2013}) 11. bxc4 {[%emt 0:02:47]} Bg4 {[%emt 0:00:29]} 12. d5 $146 {[%emt 0:01:30]} ({Predecessor:} 12. Be2 Nc6 13. d5 Bxf3 14. Bxf3 Ne5 15. Be2 Rc8 16. Qb3 Qc7 17. Rac1 Nxc4 18. d6 exd6 19. Nd5 Nxd5 20. Rxc4 Qa5 21. Rxc8 Rxc8 22. Qxb7 {½-½ (22) Brozhik,V (2189)-Karnaukh,A (2253) Kiev 2003}) 12... Nbd7 {[%emt 0:20:43]} 13. Re1 {[%emt 0:01:22]} e6 {[%emt 0:02:47]} 14. h3 {[%emt 0:01:10]} Bxf3 {[%emt 0:00:46]} 15. Qxf3 {[%emt 0:00:06]} exd5 {[%emt 0:01:12]} 16. cxd5 {[%emt 0:00:14]} Nc5 {[%emt 0:04:08]} 17. Bf1 {[%emt 0:00:18]} b5 {[%emt 0:03:07]} 18. Rad1 {[%emt 0:02:15]} Nfd7 {[%emt 0:04:59]} 19. a3 {[%emt 0:05:09]} Qf6 {[%emt 0:02:37]} 20. Qg3 {[%emt 0:01:04]} Qf5 {[%emt 0:01:45]} 21. Rd2 {[%emt 0:04:38]} Rfe8 {[%emt 0:02:03]} 22. Red1 {[%emt 0:00:34]} Be5 {[%emt 0:02:02]} 23. Qh4 {[%emt 0:00:28]} Qf4 {[%emt 0:06:57]} 24. Qxf4 {[%emt 0:00:21]} Bxf4 {[%emt 0:00:02]} 25. Rc2 {[%emt 0:00:37]} Bd6 {[%emt 0:00:42]} 26. Bc1 {[%emt 0:03:43]} Rac8 {[%emt 0:00:46]} 27. Re2 {[%emt 0:00:40]} Rxe2 {[%emt 0:00:55]} 28. Bxe2 {[%emt 0:00:47]} Nb3 {[%emt 0:00:44]} 29. Bb2 {[%emt 0:00:30]} Bxa3 {[%emt 0:02:58]} 30. Bxa3 {[%emt 0:00:12]} Rxc3 {[%emt 0:00:02]} 31. Bb4 {[%emt 0:00:31]} Rc1 {[%emt 0:01:16]} 32. Kf1 {[%emt 0:00:27]} Rxd1+ {[%emt 0:00:54]} 33. Bxd1 {[%emt 0:00:05]} Nbc5 {[%emt 0:00:48]} 34. Ke2 {[%emt 0:00:19]} Kf8 {[%emt 0:06:23]} 35. Ke3 {[%emt 0:00:34]} Ke8 {[%emt 0:00:25]} 36. Kd4 {[%emt 0:00:28]} Nb7 {[%emt 0:00:07]} 37. Be2 {[%emt 0:00:36]} Kd8 {[%emt 0:00:42]} 38. Bd2 {[%emt 0:00:15]} Kc7 $17 {[%emt 0:01:29]} 39. g4 {[%emt 0:00:11]} Kb6 {[%emt 0:00:55]} 40. f4 {[%emt 0:00:00]} a5 {[%emt 0:00:00]} 41. h4 {[%emt 0:01:09]} Nbc5 {[%emt 0:06:51]} 42. Bd1 {[%emt 0:00:31]} Nb7 {[%emt 0:03:58]} 43. h5 {[%emt 0:00:45]} Nd6 {[%emt 0:00:50]} 44. Bc2 {[%emt 0:00:07]} b4 {[%emt 0:02:03]} 45. hxg6 {[%emt 0:00:45]} hxg6 {[%emt 0:00:28]} 46. g5 {[%emt 0:00:14]} Nb5+ {[%emt 0:01:36]} 47. Ke4 {[%emt 0:00:07]} Kc5 {[%emt 0:01:13]} 48. Be3+ {[%emt 0:00:24]} Kd6 {[%emt 0:00:07]} 49. f5 {[%emt 0:00:54]} gxf5+ {[%emt 0:03:55]} 50. Kxf5 {[%emt 0:00:05]} Nc3 {[%emt 0:01:22]} 0-1

[Event "WYCC 2018 O18"]
[Site "Halkidiki"]
[Date "2018.10.30"]
[Round "11"]
[White "Veleshnja, Zino"]
[Black "Liang, Albert"]
[Result "0-1"]
[WhiteElo "2155"]
[BlackElo "2042"]
[Annotator "NA"]
[PlyCount "110"]
[EventDate "2018.10.20"]
[EventType "swiss"]
[EventCountry "GRE"]
[SourceTitle "playchess.com"]
[Source "ChessBase"]
[SourceQuality "1"]
[TimeControl "40/5400+30:1800+30"]

1. d4 {[%emt 0:00:00]} d5 {[%emt 0:00:00]} 2. Bf4 {[%emt 0:00:00]} Nf6 {[%emt 0:00:15]} 3. e3 {[%emt 0:00:00]} c5 {[%emt 0:00:47]} 4. c3 {[%emt 0:00:00]} e6 {[%emt 0:00:19]} 5. Nd2 {[%emt 0:00:01]} Nc6 {[%emt 0:00:47]} 6. Ngf3 {[%emt 0:00:09]} Bd6 {[%emt 0:00:39]} 7. Bg3 {[%emt 0:00:06]} O-O {[%emt 0:00:19]} 8. Bd3 {[%emt 0:00:04]} b6 {[%emt 0:00:42]} 9. e4 {[%emt 0:00:07] D02: 1 d4 d5 2 Nf3 sidelines, including 2...Nf6 3 g3 and 2...Nf6 3 Bf4} Be7 {[%emt 0:00:31]} 10. e5 {[%emt 0:00:49]} Nh5 {[%emt 0:00:49]} 11. Ng5 {[%emt 0:00:12]} (11. Nf1 cxd4 12. Nxd4 Nxd4 13. cxd4 g6 14. Ne3 f5 15. exf6 Bxf6 16. Be2 Nxg3 17. hxg3 {½-½ (37) Nakamura,H (2787)-Svidler,P (2760) Moscow 2018}) 11... Bxg5 {[%emt 0:03:03]} 12. Qxh5 {[%emt 0:00:55]} g6 {[%emt 0:00:37]} 13. Qe2 {[%emt 0:00:20]} cxd4 {[%emt 0:05:04]} 14. h4 {[%emt 0:00:02]} Bh6 {[%emt 0:17:36]} 15. h5 {[%emt 0:00:21]} Bg7 $146 {[%emt 0:00:41]} ({Predecessor:} 15... dxc3 16. bxc3 Bg7 {½-½ (43) Filipovic,B (2388)-Derakhshani,B (2302) Flims 2016}) 16. f4 {[%emt 0:10:33]} dxc3 {[%emt 0:04:06]} 17. bxc3 {[%emt 0:00:28]} Qc7 {[%emt 0:04:49]} 18. Nf3 {[%emt 0:12:41]} Ne7 {[%emt 0:10:11]} 19. Rc1 {[%emt 0:03:12]} Qc5 {[%emt 0:13:49]} 20. Bh4 {[%emt 0:06:56]} Nf5 {[%emt 0:03:51]} 21. g4 {[%emt 0:08:04]} Nxh4 {[%emt 0:02:02]} 22. Rxh4 {[%emt 0:01:00]} Rd8 {[%emt 0:01:27]} 23. Nd4 {[%emt 0:06:49]} Bd7 {[%emt 0:02:18]} 24. Kf2 {[%emt 0:10:41]} a6 {[%emt 0:02:20]} 25. hxg6 {[%emt 0:09:39]} hxg6 {[%emt 0:02:23]} 26. Qe3 {[%emt 0:02:01]} Bb5 {[%emt 0:14:27]} 27. Bb1 {[%emt 0:00:54]} Rac8 {[%emt 0:01:52]} 28. Rh3 {[%emt 0:02:35]} Qa3 {[%emt 0:01:03]} 29. Kg1 {[%emt 0:13:02]} Bd7 {[%emt 0:02:02]} 30. Rf1 {[%emt 0:00:42]} Rc4 {[%emt 0:01:33]} 31. Bc2 {[%emt 0:06:33]} Rdc8 {[%emt 0:00:58]} 32. Bb3 {[%emt 0:00:02]} R4c5 {[%emt 0:00:21]} 33. Qe1 {[%emt 0:01:30]} b5 {[%emt 0:01:23]} 34. Rf2 {[%emt 0:01:11]} Qa5 {[%emt 0:00:29]} 35. Rc2 {[%emt 0:02:06]} Qb6 {[%emt 0:00:09]} 36. a3 {[%emt 0:01:46]} a5 {[%emt 0:00:22]} 37. Kg2 {[%emt 0:00:46]} Rb8 {[%emt 0:01:02]} 38. Ba2 {[%emt 0:01:05]} Rc7 {[%emt 0:01:02]} 39. Qd2 {[%emt 0:00:00]} Qc5 {[%emt 0:00:00]} 40. Qc1 {[%emt 0:00:00]} (40. Rf3 $17) 40... Rbc8 {[%emt 0:00:00]} 41. Bb1 {[%emt 0:09:37]} Qb6 {[%emt 0:07:00]} 42. Qd2 {[%emt 0:02:08]} Rc4 {[%emt 0:01:46]} 43. Ba2 {[%emt 0:01:14]} Qxd4 {[%emt 0:03:15]} 44. Bxc4 {[%emt 0:06:21]} Qxc4 {[%emt 0:02:52]} 45. Rb2 {[%emt 0:02:17]} Qa4 {[%emt 0:02:22]} 46. Rd3 {[%emt 0:02:05]} Rc4 {[%emt 0:05:11]} 47. Rf3 {[%emt 0:01:46]} Bf8 {[%emt 0:01:29]} 48. g5 {[%emt 0:00:21]} Bxa3 {[%emt 0:03:37]} 49. Rb1 {[%emt 0:00:27]} Bf8 {[%emt 0:03:01]} 50. Kg3 {[%emt 0:04:08]} Re4 {[%emt 0:00:47]} 51. Rh1 {[%emt 0:00:29]} Qc4 {[%emt 0:00:50]} 52. Rh2 {[%emt 0:02:45]} a4 {[%emt 0:00:34]} 53. Kg4 {[%emt 0:02:02]} Bg7 {[%emt 0:00:43]} 54. Kg3 {[%emt 0:00:47]} a3 {[%emt 0:00:25]} 55. Rf1 {[%emt 0:00:31]} Qxf1 {[%emt 0:00:13]} 0-1

[Event "WYCC 2018 O18"]
[Site "Halkidiki"]
[Date "2018.10.30"]
[Round "11"]
[White "Giesinger, Elias"]
[Black "Dobrovoljc, Vid"]
[Result "0-1"]
[WhiteElo "2131"]
[BlackElo "2309"]
[Annotator "TA"]
[PlyCount "86"]
[EventDate "2018.10.20"]
[EventType "swiss"]
[EventCountry "GRE"]
[SourceTitle "playchess.com"]
[Source "ChessBase"]
[SourceQuality "1"]

{[%evp 23,86,-3,-3,-18,-7,-7,-2,0,0,10,10,0,12,-23,-8,-44,-41,-31,-43,-56,-44,-59,-54,-70,-45,-25,-12,-20,3,13,12,10,8,8,8,9,10,0,0,0,0,-29,-29,-292,-306,-298,-310,-273,-278,-280,-252,-371,-371,-371,-364,-469,-469,-485,-484,-612,-606,-591,-449,-956,-941]} 1. d4 Nf6 2. Nf3 g6 3. g3 Bg7 4. Bg2 O-O 5. O-O d6 6. b3 c5 7. Bb2 cxd4 8. Nxd4 {[%cal Bf3d4,Bd4b5,Bb5c3,Bc3d5][%mdl 32]} d5 9. c4 e5 {A49: 1 d4 Nf6 2 Nf3 g6 3 g3: Anti-King's Indian systems} 10. Nb5 a6 11. N5c3 d4 12. Nd5 Nc6 {LiveBook: 4 Games} 13. e3 Be6 {[%cal Rf6d5]} 14. exd4 {Nxf6+ is the strong threat.} exd4 {[%cal Rf6d5]} 15. Nxf6+ Bxf6 16. Nd2 $146 {[%cal Bb1d2,Bd2e4,Be4f6][%mdl 32]} d3 17. Bxf6 Qxf6 18. Qf3 (18. Ne4 $5 {[%cal Re4f6]} Qd4 19. Qd2 $11) 18... Qd4 19. Ne4 Bf5 20. g4 Ne5 21. Nf6+ Kg7 22. Nh5+ Kh8 23. Qf4 Qxf4 24. Nxf4 Bxg4 {next ...Rad8 is good for Black.} 25. Bxb7 Rab8 26. Be4 Rfd8 27. f3 $1 {[%cal Rf3g4]} Bf5 $36 {[%mdl 2048] Black has the initiative.} 28. Bxf5 gxf5 29. Nd5 a5 30. f4 Rg8+ 31. Kh1 Nd7 32. Rad1 (32. Ne7 $5 {[%cal Re7g8]} Rge8 33. Nxf5 $14) 32... Nc5 33. Rfe1 $2 {[%mdl 8192]} (33. Ne7 $11 {and White stays safe.}) 33... Ne4 $19 {[%cal Re4f2]} 34. Rf1 d2 35. Ne7 {[#]} Rge8 $1 {[%cal Re8e7]} 36. Nd5 {[#]} a4 $1 {[%mdl 512]} 37. bxa4 (37. Rf3 $142) 37... Rb2 38. Kg2 Rxa2 39. Rf3 Rxa4 {Black is clearly winning.} 40. Ne3 Rd8 41. Nxf5 Rxc4 42. Rb3 Nc3 43. Rxd2 (43. Ne3 $142) 43... Rxd2+ {Precision: White = 34%, Black = 77%.} 0-1

[Event "WYCC 2018 O18"]
[Site "Halkidiki"]
[Date "2018.10.30"]
[Round "11"]
[White "Torres Cueto, Jesus Marcial"]
[Black "Krstic, Milos"]
[Result "1-0"]
[WhiteElo "2078"]
[BlackElo "2171"]
[Annotator "NA"]
[PlyCount "77"]
[EventDate "2018.10.20"]
[EventType "swiss"]
[EventCountry "GRE"]
[SourceTitle "playchess.com"]
[Source "ChessBase"]
[SourceQuality "1"]
[TimeControl "40/5400+30:1800+30"]

1. d4 {[%emt 0:00:00]} Nf6 {[%emt 0:00:00]} 2. c4 {[%emt 0:00:00]} e6 {[%emt 0:00:00]} 3. Nc3 {[%emt 0:00:00]} Bb4 {[%emt 0:00:00]} 4. e3 {[%emt 0:02:17]} O-O {[%emt 0:00:00]} 5. Nge2 {[%emt 0:00:03]} d5 {[%emt 0:01:47]} 6. a3 {[%emt 0:00:05]} Be7 {[%emt 0:03:40]} 7. cxd5 {[%emt 0:00:24]} exd5 {[%emt 0:01:34]} 8. h3 {[%emt 0:00:07] E46: Nimzo-Indian: Rubinstein: 4 e3 0-0 5 Ne2 without early Bd3} (8. Nf4 c6 9. Bd3 Na6 10. O-O Nc7 11. f3 Re8 12. Bd2 Bf8 13. Qe1 g6 14. g4 c5 15. Qf2 b6 16. h4 Bd6 17. Nce2 {0-1 (54) Caruana,F (2816)-Karjakin,S (2782) Leuven 2018}) 8... c6 {[%emt 0:04:22]} 9. g4 {[%emt 0:00:16]} Ne4 {[%emt 0:05:43]} 10. Nxe4 {[%emt 0:01:44]} dxe4 {[%emt 0:00:04]} 11. Nc3 $146 {[%emt 0:00:05]} ({Predecessor:} 11. Ng3 f5 12. Nxf5 Bxf5 13. gxf5 Qa5+ 14. Bd2 Qxf5 15. Qb3+ Kh8 {0-1 (40) Laurusas,T (2373)-Beliajev,D (2181) Klaipeda 2013}) 11... Bh4 {[%emt 0:03:35]} 12. Bg2 {[%emt 0:08:33]} Qe7 {[%emt 0:06:32]} 13. Qb3 {[%emt 0:11:33]} Be6 {[%emt 0:15:05]} 14. Qb4 {[%emt 0:00:07]} Qxb4 {[%emt 0:04:31]} 15. axb4 {[%emt 0:00:06]} f5 {[%emt 0:00:06]} 16. gxf5 {[%emt 0:00:13]} Bxf5 {[%emt 0:00:05]} 17. O-O {[%emt 0:03:45]} Be7 {[%emt 0:03:57]} 18. b5 {[%emt 0:00:10]} cxb5 {[%emt 0:00:21]} 19. Nxe4 {[%emt 0:04:25]} Nc6 {[%emt 0:12:39]} 20. Bd2 {[%emt 0:00:22]} Rfd8 {[%emt 0:01:40]} 21. Rfc1 {[%emt 0:00:39]} a6 {[%emt 0:15:33]} 22. Nc5 {[%emt 0:01:06]} Bxc5 {[%emt 0:02:22]} 23. Rxc5 {[%emt 0:01:07]} Bd7 {[%emt 0:00:04]} 24. f4 {[%emt 0:01:52]} Kf7 {[%emt 0:02:03]} 25. d5 {[%emt 0:00:31]} Ne7 {[%emt 0:00:24]} 26. e4 {[%emt 0:00:22]} Rac8 {[%emt 0:03:02]} 27. Rac1 {[%emt 0:00:18]} Rxc5 {[%emt 0:00:05]} 28. Rxc5 {[%emt 0:00:04]} Rc8 {[%emt 0:00:13]} 29. b4 {[%emt 0:01:13]} b6 {[%emt 0:00:33]} 30. Rxc8 {[%emt 0:00:12]} Bxc8 $18 {[%emt 0:00:10]} 31. Kf2 {[%emt 0:00:57]} g5 {[%emt 0:01:40]} 32. fxg5 {[%emt 0:00:29]} Ng6 {[%emt 0:00:04]} 33. Ke3 {[%emt 0:01:35]} Ne5 {[%emt 0:00:04]} 34. Bc3 {[%emt 0:00:28]} Nc4+ {[%emt 0:00:03]} 35. Kf4 {[%emt 0:00:29]} a5 {[%emt 0:00:04]} 36. e5 {[%emt 0:00:15]} a4 {[%emt 0:00:10]} 37. h4 {[%emt 0:01:09]} a3 {[%emt 0:00:13]} 38. Be4 {[%emt 0:00:15]} a2 {[%emt 0:00:18]} 39. Bxh7 {[%emt 0:00:25]} 1-0

[Event "WYCC 2018 O18"]
[Site "Halkidiki"]
[Date "2018.10.30"]
[Round "11"]
[White "Brewer, Callum D"]
[Black "Varacalli, Francisco"]
[Result "0-1"]
[WhiteElo "2056"]
[BlackElo "2334"]
[Annotator "TA"]
[PlyCount "104"]
[EventDate "2018.10.20"]
[EventType "swiss"]
[EventCountry "GRE"]
[SourceTitle "playchess.com"]
[Source "ChessBase"]
[SourceQuality "1"]

{[%evp 20,104,113,6,104,108,120,14,33,0,0,-131,-125,-168,-113,-171,-153,-200,-196,-200,-201,-193,-192,-209,-202,-233,-224,-297,-303,-372,-358,-400,-372,-483,-493,-670,0,-366,-314,-285,-293,-245,-202,-215,-199,-221,-225,-295,-293,-341,-342,-379,-363,-350,-377,-394,-372,-381,-353,-429,-383,-412,-232,-240,-239,-212,-188,-377,-270,-332,-324,-387,-318,-370,-342,-339,-332,-340,-331,-609,-580,-869,-866,-825,-793,-1120,-1119]} 1. e4 e5 2. Nf3 Nc6 3. d4 exd4 4. Nxd4 Bc5 5. Be3 Qf6 6. c3 Nge7 7. Bc4 b6 8. Qd2 Bb7 9. b4 Bxd4 10. cxd4 O-O-O 11. O-O (11. Nc3 $16) 11... Qg6 {C45: Scotch Game} (11... d5 $11 12. exd5 Nxd5) 12. Bd3 $1 $16 f5 13. exf5 $146 (13. f3 $1 $16) ({Predecessor:} 13. f3 Qd6 14. d5 Nxb4 15. Be2 fxe4 16. fxe4 Nexd5 17. exd5 Qxd5 18. Qxd5 Nxd5 19. Bd4 {1-0 (36) Schmittdiel,E (2485)-Jukic,B (2415) Buekfuerdo 1995}) 13... Nxf5 $11 {The position is equal.} 14. Bxf5 Qxf5 15. a4 {[#]} (15. d5 $11 {keeps the balance.}) 15... Nxb4 $1 $40 {[%mdl 640] Black goes for the king.} 16. Na3 (16. Qxb4 Qe4) 16... Rde8 (16... a5 $19 17. f3 Rde8) 17. f3 (17. Bf4 $17 {keeps fighting.}) 17... Qd3 18. Qxb4 {And now Bf2 would win.} Qxe3+ 19. Kh1 a5 20. Qc4 Qe2 21. Qc1 Ba6 22. Rd1 Rhf8 {[%cal Bh8f8,Bf8f6,Bf6g6,Bg6g5][%mdl 32]} 23. Qg5 Rf6 24. Qh5 Rg6 {[%csl Gg6][%cal Re2g2]} 25. Qh3 Re3 26. Rg1 Bb7 27. Nb5 {intending Rac1.} ({Much worse is} 27. Qxh7 Rxg2 $1 {[%mdl 512]} 28. Qh8+ Re8) 27... Ba6 28. Na3 $1 h6 {aiming for ...Bb7.} 29. Qf5 Rg5 30. Qf4 Re6 31. Rac1 {[%csl Gc1][%cal Rf4c7]} d6 32. Rc2 Qe3 $1 {[%cal Re3f4]} ({But not} 32... Rf6 33. Qc1 $17) 33. Qf8+ Kb7 34. Qd8 {[%csl Gd8][%cal Rc2c7]} Re7 35. h3 {Strongly threatening Rgc1.} Rf5 36. Rgc1 {[%cal Rc2c7]} Rff7 37. Nc4 {[#]} Bxc4 $1 ({Inferior is} 37... Qxd4 {[#]} 38. Nxa5+ $1 {[%mdl 512]} bxa5 39. Rb1+ Qb4 40. Rxb4+ axb4 41. Rb2 $16) 38. Rxc4 Qe6 39. Rc6 Qf5 40. Kg1 Rd7 (40... Qf6 $142 41. Kh2 Qxd4) 41. Qh4 $19 Rfe7 42. Qf2 Qd3 43. R1c4 $2 (43. R6c3 Qe2 44. R3c2 Qxf2+ 45. Kxf2) 43... Qe3 44. Kf1 Re6 45. Rc1 Rde7 46. R6c4 Qxf2+ 47. Kxf2 {[%mdl 4096] Endgame KRR-KRR} Re2+ 48. Kg3 Rd2 49. R1c3 $2 (49. R1c2 Rd3 50. R2c3 Rxc3 51. Rxc3) 49... d5 {[%cal Bd6d5,Bd5c4][%mdl 32] Black is clearly winning.} 50. Rc2 dxc4 51. Rxd2 Kc6 52. Kf4 Kd5 {Precision: White = 25%, Black = 72%.} 0-1